000
00383nam a2200133Ia 4500
008
100328s9999 xx 000 0 und d
082
_b
63173
100
_a
अभ्यंकर रा.वि.
245
_a
दक्षिण भारत.
260
_b
आमोद.
630
_a
दक्षिण भारत.
730
_a
दक्षिण भारत.
942
_c
BOOK
999
_c
549088
_d
549085